| 000 | 01666cam a22004454i 4500 | ||
|---|---|---|---|
| 003 | PE-LiUPU | ||
| 005 | 20250731173026.0 | ||
| 008 | 150623s r 000 0 d | ||
| 020 | _a1883002389 | ||
| 035 | _a(Sirsi) i9781883002381 | ||
| 040 |
_aPE-LiUPU _bspa _cPE-LiUPU _erda |
||
| 049 | _aPRUA | ||
| 082 | 0 | 4 |
_a264 _bW35I _221 |
| 100 | 1 |
_aWebber, Robert, _eautor. |
|
| 245 | 1 | 0 |
_aWorship is..what? : _brethinking our ideas about worship / _cTom Kraeuter. |
| 264 | 1 |
_aLynnwood, Washington : _bEmerald Books, _c1996. |
|
| 300 |
_a111 páginas ; _c21 centímetros |
||
| 336 |
_atext _2rdacontent |
||
| 337 |
_aunmediated _2rdamedia |
||
| 338 |
_avolume _2rdacarrier |
||
| 505 | 0 | _aThe priority. -Heart and Action. -Our Response to God. -Giving to God. -To Quicken the Conscience by the Holiness of God. -To Feed the Mind with the Truth of God. -To Open the Heart to the Love of God. -To Devote the Will to the Purpose of God. -A Way of Life. -Doing unto Others. -Spending Time with God. | |
| 526 | _aSEG42 | ||
| 526 | _aSEG41 | ||
| 526 | _aSEG40 | ||
| 526 | _aSEG39 | ||
| 526 | _aP94 | ||
| 526 | _aP87 | ||
| 526 | _aP86 | ||
| 526 | _aP85 | ||
| 526 | _aP77 | ||
| 526 | _aP76 | ||
| 526 | _aP35 | ||
| 650 | 0 | 4 | _aCulto Público. |
| 942 |
_2ddc _cBOOK |
||
| 949 |
_a264 W35I _wDEWEY _c1 _i47965 _lCCODEBUL1 _mBUL _r0 _sY _tBOOK _u2015-6-24 _xTEOLOGIA _PP35 _0COMPRA _o.STAFF. Colección General |
||
| 994 |
_aC0 _bPEPRU |
||
| 596 | _a1 | ||
| 999 |
_a264 W35I _wDEWEY _c24441 _i47965 _f2021-11-10 _g5 _lCCODEBUL1 _mBUL _r0 _sY _tBOOK _u2015-6-24 _xTEOLOGIA _PP35 _0COMPRA _o.STAFF. Colección General _d24441 |
||
| 980 |
_81 _gALBERTO SANCHEZ Responsable de Automatización |
||